01017nam a2200253 i 4500001000700000003000900007005001700016007000300033008004100036020001800077080001700095100003600112245027800148260005200426300003000478490003000508500004300538650004300581700001800624700003100642740002700673830003000700852003300730125559ES-MaACL20260304164125.0t|070619s1981 fr ||||1| fre d a2-7304-0076-1 a821.133.1-311 aRhoides, Emmanouel, d1836-190413aLa Papesse Jeanne b: roman médiéval / cEmmanuel Rhoïdès ; traduit par Alfred Jarry et Jean Saltas de l'ouvre grecque. (Suivi de) Le Moutardier du pape : opérette bouffe en 3 actes / Alfred Jarry ; édition établie, annotée et présentée par Marc Voline. aParis : bNouvelles éditions Oswald, c[1981] a279 p. : bil. ; c22 cm.1 aLes Oiseaux de nuit ; v2 aBiblioteca Jacinto Martínez Lacalle. 4aJuana, Papisa (Personaje de ficción)1 aVoline, Marc.1 aJarry, Alfred, d1873-19073 aLe Moutardier du pape.0 aLes Oiseaux de nuit ; v2 aES-MaACLjE-11722 bR.139736